000 00545cam a22002291 4500
001 sa 63003380
003 DLC
005 20260227111941.0
008 940920s1962 ii 000 0 beno
010 _asa 63003380
025 _aPL480:I-B-372
035 _a(OCoLC)31145636
040 _aDLC
_cCU
_dCU
_dDLC
042 _apremarc
050 0 0 _aPK1718.M47
_bN3
100 1 _aMitra, Bimal,
_d1912-1991.
245 1 0 _aNaphara saṃkīrtana.
260 _c[1962]
300 _a121 p.
_c22 cm.
500 _aIn Bengali.
500 _aA novel.
999 _c55054
_d55054